Mario Kart Ds Characters - Statistics

General Stats
  • This quiz has been taken 343 times
  • The average score is 12 of 13
Answer Stats
Hint Answer % Correct
Mario
100%
Luigi
99%
Peach
98%
Bowser
94%
Wario
94%
Daisy
93%
Waluigi
91%
Toad
90%
Yoshi
90%
Donkey Kong
83%
R.O.B
80%
Dry Bones
76%
Shy Guy
64%
No matching quizzes found
Score Distribution
Percent of People with Each Score
Percentile by Number Answered
Your Score History
You have not taken this quiz